000 00652nam a2200205 a 4500
001 000012009
005 20240412074229.0
008 091103s199? dr 000 p spa d
040 _aDO-SdBNP
_bspa
_cBNPHU
082 _aRD861.44
_bW373c
100 1 _aWeber, Andrés
_d1958-
_921790
245 1 4 _aDel color del presente /
_cAndrés Weber.
260 _a[Santo Domingo] :
_b[s.n.],
_c[199-].
300 _a82 p. :
_bil. ;
_c21 cm.
500 _aIncluye datos biográficos del autor : p. 87
590 _aInventariado, 2019/MFF
650 0 _aPoesía dominicana
_966
650 0 _aLiteratura dominicana.
_967
910 _aValidado. Control de calidad MFF
999 _c11677
_d11677